Výtvarná geometria 04

Bibliographic Details
Main Authors: Haščák, Andrej, 1976- (Author), Šuch, Dušan, 1961- (Author)
Other Authors: Vysoký, Martin (Photographer)
Format: Book
Language:Slovak
PhysicalDescription:52 s. fotogr., ilustr. 21 cm
Published: Košice Katedra dizajnu FU TU 2007
ISBN:9788080737344
Edition:[1. vyd.]
Subjects:

MARC

LEADER 00000nam a2200000 a 4500
001 vtls009343745
003 SK-MaSNL
005 20260301125641.0
008 240313s2007 xo a f c 000 0 slo
015 |a SNBA2011/03-01530 
020 |a 9788080737344  |q (brož.) 
040 |a SNK  |b slo  |c SNK  |e AACR2 
041 0 |a slo 
044 |a xo  |c SK 
072 7 |a 76  |x Grafické umenie. Grafika  |2 konspekt 
080 |a 72/76(437.6)  |2 2001 
080 |a 7.013  |2 2001 
080 |a (083.82)  |2 2001 
100 1 |a Haščák, Andrej,  |d 1976-  |4 aut  |9 98500 
245 1 0 |a Výtvarná geometria 04  |c Andrej Haščák, Dušan Šuch ; [foto Martin Vysoký ...] 
250 |a [1. vyd.] 
260 |a Košice  |b Katedra dizajnu FU TU  |c 2007 
300 |a 52 s.  |b fotogr., ilustr.  |c 21 cm 
650 0 7 |a slovenské výtvarné umenie  |2 SNKPH  |9 68597 
650 0 7 |a geometrické proporcie  |2 SNKPH  |9 120028 
655 7 |a katalógy  |2 SNKPH  |9 60821 
700 1 |a Šuch, Dušan,  |d 1961-  |4 aut  |9 19359 
700 1 |a Vysoký, Martin  |4 pht  |9 305485 
919 |a 978-80-8073-734-4 
968 |d 73/77 
999 |c 743049  |d 744979 
952 |a SNK  |b SNK  |y VYP  |7 0  |p 17A0601222  |o snkOSC 24577 D1  |i snk2008/18830  |8 0  |0 0  |1 0  |4 0  |d 2008-10-07  |l 0  |r 2026-02-23 23:06:13  |w 2026-02-23 
952 |a SNK  |b SNK  |y PREZ  |7 0  |p 17A0601223  |o snkOSC 24577  |i snk2008/18828  |8 0  |0 0  |1 0  |4 0  |d 2008-10-07  |l 0  |r 2026-02-23 23:06:13  |w 2026-02-23